LEADER 03508oam 2200637I 450 001 9910458899303321 005 20200520144314.0 010 $a1-282-61723-0 010 $a9786612617232 010 $a1-136-54370-8 010 $a1-84977-477-3 024 7 $a10.4324/9781849774772 035 $a(CKB)2670000000018807 035 $a(EBL)517187 035 $a(OCoLC)607552551 035 $a(SSID)ssj0000360445 035 $a(PQKBManifestationID)11272771 035 $a(PQKBTitleCode)TC0000360445 035 $a(PQKBWorkID)10318904 035 $a(PQKB)11195567 035 $a(MiAaPQ)EBC517187 035 $a(Au-PeEL)EBL517187 035 $a(CaPaEBR)ebr10392055 035 $a(CaONFJC)MIL261723 035 $a(EXLCZ)992670000000018807 100 $a20180706d2010 uy 0 101 0 $aeng 135 $aur|n|---||||| 181 $ctxt 182 $cc 183 $acr 200 00$aGated communities $esocial sustainability in contemporary and historical gated developments /$fedited by Samer Bagaeen and Ola Uduku ; [foreword by Saskia Sassen] 210 1$aLondon ;$aWashington, D.C. :$cEarthscan,$d2010. 215 $a1 online resource (146 p.) 300 $aDescription based upon print version of record. 311 $a0-415-83041-9 311 $a1-84407-519-2 320 $aIncludes bibliographical references and index. 327 $aFront Cover; Gated Communities; Copyright Page; Contents; List of Figures and Tables; Acknowledgements; Foreword Urban Gating: One Instance of a Larger Development?; List of Contributors; List of Acronyms and Abbreviations; 1. Gated Histories: An Introduction to Themes and Concepts; 2. Opening the Gates: An East-West Transmodern Discourse?; 3. Gated Urban Life versus Kinship and Social Solidarity in the Middle East; 4. Gating Urban Spaces in China: Inclusion, Exclusion and Government; 5. Lagos: 'Urban Gating' as the Default Condition 327 $a6. Gated Minds, Gated Places: The Impact and Meaning of Hard Boundaries in South Africa7. Latin American Gated Communities: The Latest Symbol of Historic Social Segregation; 8. Gated Communities in Mexico City: A Historical Perspective; 9. Production and Social Sustainability of Private Enclaves in Suburban Landscapes: French and US Long-Term Emergence of Gated Communities and Private Streets; 10. Barriers and Boundaries: An Exploration of Gatedness in New Zealand; 11. Afterword; Index 330 $aGated Communities provides a historic, socio-political and contemporary cultural perspective of gated communities. In doing so it offers a different lens through which to view the historical vernacular background of this now global phenomenon. The book presents a collection of new writing on the issue by an international and interdisciplinary group of contributors. The authors review current thinking on gated communities and consider the sustainability issues that these contemporary 'lifestyle' communities raise. The authors argue that there are links that can be drawn between the his 606 $aGated communities 606 $aGated communities$xHistory 608 $aElectronic books. 615 0$aGated communities. 615 0$aGated communities$xHistory. 676 $a307.77 701 $aBagaeen$b Samer$0927491 701 $aUduku$b Ola$f1963-$0758902 801 0$bMiAaPQ 801 1$bMiAaPQ 801 2$bMiAaPQ 906 $aBOOK 912 $a9910458899303321 996 $aGated communities$92083918 997 $aUNINA LEADER 00962nam0 22002411i 450 001 UON00192408 005 20231205103220.712 100 $a20030730d1967 |0itac50 ba 101 $aeng 102 $aCA 105 $a|||| 1|||| 200 1 $aˆThe ‰Comic art of Laurence Sterne$eConvention and Innovation in Tristram Shandy and A sentimental journal$fJohn M. Stedmond 210 $aToronto$cUniversity of Toronto Press$d1967 215 $a178 p$d23 cm. 606 $aSTERNE LAURENCE$3UONC061072$2FI 620 $aCA$dToronto$3UONL000778 700 1$aSTEDMOND$bJohn M.$3UONV113558$0565655 801 $aIT$bSOL$c20240220$gRICA 899 $aSIBA - SISTEMA BIBLIOTECARIO DI ATENEO$2UONSI 912 $aUON00192408 950 $aSIBA - SISTEMA BIBLIOTECARIO DI ATENEO$dSI Angl IV B STE STE $eSI SI 2651 5 $sBuono 996 $aComic art of Laurence Sterne$91044162 997 $aUNIOR